[Event "Khanty-Mansiysk FIDE GP"]
[Site "Khanty-Mansiysk"]
[Date "2015.05.20"]
[Round "6"]
[White "Vachier Lagrave, Maxime"]
[Black "Karjakin, Sergey"]
[Result "0-1"]
[WhiteElo "2754"]
[BlackElo "2753"]
[Annotator "Illingworth,M"]
[PlyCount "76"]
[EventDate "2015.05.14"]
[EventType "tourn"]
[EventRounds "11"]
[EventCountry "RUS"]
[EventCategory "21"]
[SourceTitle "CBM 167"]
[Source "ChessBase"]
[SourceDate "2015.07.13"]
[SourceVersion "1"]
[SourceVersionDate "2015.07.13"]
[SourceQuality "1"]

1. e4 {[%emt 0:00:03]} e5 {[%emt 0:00:09]} 2. Nf3 {[%emt 0:00:03]} Nc6 {
[%emt 0:00:04]} 3. Bb5 {[%emt 0:00:02]} Nf6 {[%emt 0:00:07]} 4. d3 {[%emt 0:00:
03]} Bc5 {[%emt 0:00:07]} 5. c3 {[%emt 0:00:03]} O-O {[%emt 0:00:13]} 6. O-O {
[%emt 0:00:12]} d6 {[%emt 0:00:14]} 7. Nbd2 {[%emt 0:00:03]} ({The previous
game between the two players in this variation went} 7. Bg5 h6 8. Bh4 g5 9. Bg3
Nh5 10. d4 Bb6 11. Na3 Nxg3 12. hxg3 exd4 13. Bxc6 bxc6 14. Nxd4 Qf6 15. Nc4
Ba6 16. Nxb6 axb6 17. Re1 c5 18. Nf5 Bc8 19. Ne3 Be6 $11 {1/2-1/2 (66) Vachier
Lagrave,M (2703)-Karjakin,S (2760) Moscow 2010}) 7... Ne7 $5 {[%emt 0:00:15]
This is clearly Black's trendiest continuation, avoiding any damage to his
pawn structure with Bxc6 (a very common theme in this anti-Berlin) and luring
White's centre forward.} 8. d4 {[%emt 0:00:03]} exd4 {[%emt 0:00:07]} 9. cxd4 {
[%emt 0:00:02]} Bb6 {[%emt 0:00:04]} 10. Re1 {[%emt 0:00:07] This is White's
main move at present, supporting the centre in a standard fashion.} ({For} 10.
b3 {see 1-0 (53) Caruana,F (2775)-Kramnik,V (2799) Dortmund 2012 CBM 150 
[Caruana,F]}) (10. Bd3 Bg4 11. h3 Bh5 12. Qb3 d5 (12... Nc6 $5 13. d5 Ne7 $132)
13. e5 Nd7 14. Qc2 h6 $13 {0-1 (39) Durarbayli,V (2584)-Bacrot,E (2722)
Shamkir 2014 led to a very complicated position, though} 15. Re1 $5 {might be
an improvement.}) (10. h3 {is the main alternative, but after} d5 11. e5 Ne4
12. Bd3 Bf5 (12... f5 $5 13. exf6 Nxf6 $132 {also deserves attention.}) 13. Qe2
Nc6 14. Rd1 Bxd4 15. Nxe4 dxe4 16. Bxe4 Bxe4 17. Nxd4 Qd5 18. Nxc6 Qxc6 19. f3
Bd5 $11 {½-½ (30) Andreikin,D (2709)-Karjakin,S (2766) Khanty-Mansiysk 2014
CBM 160 [ChessBase Website]  and the opposite-coloured bishops made the
position quite dry.}) 10... Bg4 {[%emt 0:00:23]} 11. h3 {[%emt 0:00:06]} Bh5 {
[%emt 0:00:06]} 12. a3 $5 {[%emt 0:00:07] This is the latest try, essentially
waiting for Black to show his cards.} ({A recent high-level game went} 12. Qb3
d5 13. e5 Nd7 14. a4 $5 a6 (14... a5 15. Qd1 Nb8 16. Nb3 Nbc6 17. Bg5 Nb4 18.
Rc1 h6 $11 {1-0 (61) Vachier Lagrave,M (2758)-Leko,P (2723) Beijing 2014,
offered chances for both sides.}) 15. Bd3 c5 16. g4 {1-0 (32) Svidler,P (2732)
-Ragger,M (2658) Germany 2015, , and Black had the opportunity for} (16. Qc2
$142) 16... Bg6 $1 17. Bxg6 fxg6 18. e6 Nf6 19. Ne5 c4 20. Qe3 Qc7 {when Black
obtains a strong initiative; the e6 and d4 pawns are weak and White's king is
really very exposed.}) 12... a6 {[%emt 0:33:31]} 13. Bf1 {[%emt 0:00:20]} ({
Also possible is} 13. Ba4 Kh8 ({I'd prefer to secure the bishop's future with} 
13... h6 $142 14. e5 Nfd5 $132) 14. g4 Bg6 15. Bc2 d5 16. e5 $14 {1/2-1/2 (66)
Bok,B (2587)-Kovalenko,I (2661) Moscow 2015}) 13... Re8 {[%emt 0:06:04]} (13...
Nc6 $5 14. e5 dxe5 15. dxe5 Nd7 16. g4 Bg6 17. Nc4 Ba7 18. b4 $13 {leads to
very sharp play; White has the initiative but if he ever loses control he will
have some serious kingside weaknesses. Practical tests are required to draw a
final conclusion.}) 14. e5 {[%emt 0:01:59] This is the logical continuation of
White's play.} (14. Nc4 Bxf3 15. gxf3 Ng6 16. Nxb6 cxb6 $132 {is hard to
assess, but Black has an easy plan of ...Nh5-f4 and should be doing well.}) (
14. Qc2 $6 Nc6 $1 15. d5 Nd4 16. Nxd4 Bxd4 $15 {is even more comfortable for
Black who has no problem pieces in this structure. Especially the d4-bishop is
a monster.}) 14... Nfd5 {[%emt 0:03:11]} (14... dxe5 15. dxe5 Nfd5 16. Nc4 Ba7
{is also possible, e.g.} 17. Bd3 h6 (17... Bg6 18. e6 $1 fxe6 19. Bg5 Nc3 20.
bxc3 Qxd3 21. Nce5 Qxd1 22. Raxd1 $11 {gives White enough compensation for the
pawn as e6 is very weak.}) 18. Be4 Bg6 19. e6 $5 fxe6 20. Qc2 Bxe4 21. Rxe4 $44
{and once again White has good compensation, this time because of the exposed
position of Black's king.}) 15. Nc4 {[%emt 0:03:35]} (15. exd6 $6 {is
suggested by the engine at a high depth, but it would admit that something
already went wrong.} cxd6 {and I even prefer Black's game marginally because
of his more harmonious minor pieces.}) 15... Ba7 {[%emt 0:04:53]} 16. g4 $1 {
[%emt 0:17:55] I think White has to be aggressive like this, as half-measures
such as} (16. Bd3 b5 17. Na5 h6 18. Be4 dxe5 19. dxe5 Qd7 {could see White
easily lose the initiative, though} 20. e6 $1 fxe6 21. Ne5 Bxd1 22. Nxd7 Bh5
23. Nb3 {just about keeps the balance.}) 16... Bg6 {[%emt 0:00:12]} 17. Bg5 {
[%emt 0:00:05] White should maintain the pressure as} (17. Bg2 b5 18. Na5 Bb6 {
is pretty comfortable for Black who has an iron grip over d5.}) 17... dxe5 {
[%emt 0:20:43] There's nothing wrong with releasing the tension, but} (17... b5
18. Na5 Qd7 {(as given by Karjakin) was also possible as usual.}) (17... h6 18.
Bh4 b5 19. Na5 Qd7 {may be the most accurate move order so the f4-square
beckons for the black knight, though White does get the option of} 20. Bg3 {
now to cover it. The position should be dynamically balanced after} Bb6 21. Nb3
Rad8 22. Rc1 Bh7 $5 $13 {with a very rich and complex position.}) 18. dxe5 {
[%emt 0:00:39]} h6 {[%emt 0:04:48]} 19. Bh4 {[%emt 0:02:17]} (19. Bxe7 $6 Nxe7
$15 {would only serve to leave f4 as a permanent hole in White's camp.}) 19...
b5 $1 {[%emt 0:10:28] Both sides continue to fight tooth and nail for the
initiative.} 20. Na5 {[%emt 0:00:26]} Qc8 {[%emt 0:01:57]} 21. Rc1 $6 {[%emt 0:
11:51] It's hard to think of a more natural move than placing the rook
opposite the opponent's queen. However, in my opinion it is the beginning of
White's problems.} (21. e6 $5 {is natural when Black can't block the pawn with
...f6:} Bb6 (21... f6 $2 22. Nc6 $1 Nxc6 23. Qxd5 $16) (21... fxe6 $6 22. Ne5
Bh7 23. Bg2 {also gives White a very strong grip over the position.}) 22. exf7+
(22. Nb3 $6 f6 {is over-rated by the machines - the e6-pawn is under control
whereas Black is ready to advance his queenside majority, with the much easier
game.}) 22... Bxf7 23. Qd2 Ng6 24. Bg3 Qd7 {and the position is close to equal,
but White has to be more careful because of his less safe king.}) (21. Nc6 Nxc6
22. Qxd5 {might be best of all, when} Ne7 (22... Re6 $5) 23. Bxe7 Rxe7 24. Nh4
Bh7 25. Nf5 Rd7 26. Qc6 Bxf5 27. gxf5 Rd2 28. Re2 Rxe2 29. Bxe2 Qe8 $1 $11 {
equalises the position.}) 21... c5 {[%emt 0:02:14] Suddenly Black has taken
the initiative with his more flexible majority.} 22. b4 $1 {[%emt 0:19:50]
Probably best under the circumstances.} ({I can entirely understand why White
avoided} 22. e6 $6 f6 {as the pawn is very safely blockaded, and after} 23. Bg3
Bb6 24. b4 Rd8 $1 (24... c4 25. Nh4 Bh7 26. Bxc4 $1 bxc4 27. Rxc4 Bc7 28. Bxc7
Nxc7 29. Qd7 $1 Ned5 30. Rec1 Qxd7 31. exd7 Re7 32. d8=Q+ Rxd8 33. Nc6 Rdd7 34.
Nxe7+ Rxe7 35. Nf5 Bxf5 36. gxf5 Kf7 $11 {is about equal, though not entirely
settled.}) 25. Nh4 Bh7 26. Qf3 Bxa5 27. bxa5 c4 28. Nf5 Bxf5 29. gxf5 Qc5 $17 {
Black's superior majority gives him the advantage.}) 22... c4 {[%emt 0:02:55]
The obvious move, but} (22... Bb6 $5 {deserved attention, intending} 23. e6
fxe6 24. Ne5 Ra7 25. Bg2 c4 26. Naxc4 $1 bxc4 27. Nxc4 Bc7 28. Nd6 Bxd6 29.
Rxc8 Nxc8 30. Bxd5 exd5 31. Qxd5+ Kh8 32. Rxe8+ Bxe8 $13 {with a completely
unclear position. The machine helpfully gives '0.00'...}) 23. Nd4 $2 {[%emt 0:
03:01] Perhaps the first real mistake of the game, but one that proves very
costly in such a sharp position.} (23. Nd2 $1 Rd8 (23... Qe6 24. Ndxc4 $1 bxc4
25. Bxc4 {gives White a lot of compensation as it's hard to get out of the
a2-g8 diagonal pin.}) 24. Qf3 Qe6 25. Nb7 {was the way to maintain the balance:
} Rd7 26. Nd6 Rf8 27. N2xc4 $1 Rc7 $1 28. Na5 Rxc1 29. Rxc1 Qxe5 30. Bg3 $13 {
and it's anyone's guess as to who is better here...I'll say it is equal.})
23... Qc7 $1 {[%emt 0:03:24] Now White isn't in time to coordinate his pieces
and Black takes control.} 24. Nab3 {[%emt 0:05:37]} (24. Nxc4 bxc4 25. Rxc4 Qb6
26. Qf3 {is given by the machine, but it's fairly clear that White is just
down a piece after} Rad8 $17) (24. e6 Rad8 {however makes it very hard to
defend the d4-knight in the near future, and again White has to make an
unsound sacrifice in} 25. Nxc4 bxc4 26. Bxc4 Qb7 27. exf7+ Bxf7 $17) 24... Rad8
{[%emt 0:03:14]} 25. Qf3 {[%emt 0:05:04] Clearly White had to escape the
d-file pin.} Nxb4 $1 {[%emt 0:02:20] Not a particularly hard tactic to find.}
26. axb4 {[%emt 0:01:17]} (26. Nxb5 axb5 27. axb4 Nc6 $1 28. Bxd8 Rxd8 $19 {
is a decisive exchange sacrifice; Black will take on b4 and then the connected
passers supported by the bishops will decide.}) 26... Bxd4 {[%emt 0:00:02]} 27.
Nxd4 {[%emt 0:00:11]} Rxd4 $19 {[%emt 0:00:02] It's all over for White; he is
a pawn down, b4 will soon fall, and Black has the initiative to boot.} 28. e6 {
[%emt 0:00:11]} (28. Bg3 Qb6 $19) 28... f6 {[%emt 0:00:15]} 29. Rcd1 {[%emt 0:
10:39]} Rxd1 {[%emt 0:01:02]} 30. Rxd1 {[%emt 0:00:25]} c3 {[%emt 0:00:57] The
c-pawn will wrap up the proceedings in no time.} 31. Bg3 {[%emt 0:05:04]} Qc6 {
[%emt 0:00:03]} 32. Qe2 {[%emt 0:00:49]} c2 {[%emt 0:00:30]} 33. Rc1 {[%emt 0:
00:02]} Qc3 {[%emt 0:03:40]} 34. Bg2 {[%emt 0:00:37]} Qxb4 {[%emt 0:01:44]} 35.
Kh2 {[%emt 0:00:55]} Rd8 {[%emt 0:00:57]} 36. Qf3 {[%emt 0:02:50]} Qc4 {
[%emt 0:00:51]} 37. Qb7 {[%emt 0:00:58]} Qxe6 {[%emt 0:00:10]} 38. f4 {[%emt 0:
00:03]} Qe3 {[%emt 0:01:08]} 0-1

[Event "Candidates Tournament"]
[Site "Moscow"]
[Date "2016.03.28"]
[Round "14"]
[White "Karjakin, Sergey"]
[Black "Caruana, Fabiano"]
[Result "1-0"]
[WhiteElo "2760"]
[BlackElo "2794"]
[Annotator "Karjakin,S"]
[PlyCount "83"]
[EventDate "2016.03.11"]
[EventType "tourn"]
[EventRounds "14"]
[EventCountry "RUS"]
[EventCategory "22"]
[SourceTitle "CBM 172"]
[Source "ChessBase"]
[SourceDate "2016.05.12"]
[SourceVersion "1"]
[SourceVersionDate "2016.05.12"]
[SourceQuality "1"]

{In the final encounter I quite simply wanted to concentrate on my game and to
play well.  In der letzten Begegnung wollte ich mich schlicht und einfach auf
meine Partie konzentrieren und gutes Spiel zeigen.} 1. e4 c5 2. Nf3 Nc6 3. d4
cxd4 4. Nxd4 Nf6 5. Nc3 d6 {Fabiano puts his trust in the complicated Rauzer
Variation, which is not particularly popular nowadays. . Fabiano setzt auf die
komplizierte Rauser-Variante, die heutzutage nicht besonders populär ist.} 6.
Bg5 e6 7. Qd2 a6 8. O-O-O Bd7 9. f4 {Black has several options here. Hier
verfügt Schwarz über mehrere Möglichkeiten.} h6 {As I learned later, one
great fan of this move order is the Chinese grandmaster Li Chao.  Wie ich
später erfahren habe, ist ein großer Anhänger dieser Zugfolge der
chinesische Großmeister Li Chao.} 10. Bh4 b5 (10... Nxe4 {would on account of
wäre für so eine wichtige Partie wegen} 11. Qe1 Nf6 12. Nf5 $1 {have been
too challenging for such an important game. zu herausfordernd gewesen.}) 11.
Bxf6 gxf6 12. f5 {The idea of weakening the light squares of the opponent's
king's residence seemed very tempting to me. All the more so that in
comparison with the variation with the pawn on h7, Black no longer has
available to him the manoeuvre Bf8-h6-f4. Die Idee, die weißen Felder der
gegnerischen Königsresidenz zu schwächen, schien mit sehr verlockend. Umso
mehr, dass dem Schwarzen im Vergleich mit der Variante mit dem Bauern auf h7
das Manöver Lf8-h6-f4 jetzt nicht mehr zur Verfügung steht.} Qb6 13. fxe6 ({
A more accurate move would be Genauer wäre} 13. Nxc6 Qxc6 14. Bd3 {, which
would offer White additional options compared to the game. , was im dem
Weißen im Vergleich zur Partie zusätzliche Möglichkeiten anbieten würde.})
13... fxe6 14. Nxc6 Qxc6 $1 {Black continues to leave the e6-pawn protected..
Schwarz läßt den Bauern e6 weiterhin gedeckt.} ({In the event of Im Falle von
} 14... Bxc6 15. Bd3 {the plan h6-h5, b5-b4, Qb6-c5, Bf8-h6, a6-a5 looks less
convincing than it does in the game: sieht der Plan h6-h5, b5-b4, Qb6-c5,
Bf8-h6, a6-a5 weniger überzeugend aus, als in der Partie:} h5 16. Kb1 b4 17.
Ne2 Qc5 18. Rhf1 Bh6 19. Qe1 a5 20. b3 {[%csl Re6][%cal Rd3c4,Rf1f6] , and
Black must take defensive measures which will cost him time. , und der
Nachziehende muss Verteidigungmaßnahmen treffen, was ihn Zeit kosten wird.})
15. Bd3 h5 16. Kb1 b4 (16... Bh6 {would be inaccurate - after wäre ungenau -
nach} 17. Qf2 {White would obtain a better piece setup than will be the case
in the game. würde Weiß eine bessere Figurenauftsellung erreichen, als es in
der Partie der Fall sein wird.}) 17. Ne2 Qc5 18. Rhf1 ({THe typical central
breakthrough Stärker wäre der typische zentrale Durchbruch} 18. e5 $1 {
would be stronger, and after the rather forced variation , und nach der
ziemlich forcierten Variante} fxe5 19. Qg5 Be7 20. Qg7 Rf8 21. Rhf1 Rxf1 22.
Rxf1 Bc6 23. Rf7 d5 24. Bg6 Kd8 25. Qxe5 Be8 26. Rg7 Qf2 27. a3 $1 ({though
nicht so klar ist} 27. Qxh5 {is not so clear: .} Bxg6 28. Rxg6 Kd7) 27... Qf6
28. Qd4 $5 Qxd4 29. Nxd4 Kd7 30. axb4 Bxg6 31. Rxg6 e5 32. Nf3 e4 33. Ne5+ Kc7
34. c3 {White obtains an advantageous endgame. But that would be another story.
.. erhält Weiß ein vorteilhaftes Endspiel. Aber das wäre eine andere
Geschichte...}) 18... Bh6 19. Qe1 a5 20. b3 $1 {I like this move, which
obtains a better square for the bishop. Mit gefällt dieser Zug, der dem
Läufer einen besseren Platz besorgt.} Rg8 ({Opening the file with Die
Linienöffnung} 20... a4 21. Bc4 axb3 {does not pay dividends for Black; after
bringt dem Schwarzen keine Dividenden - nach} 22. Bxb3 {the white king feels
safe enough. fühlt sich der weiße König sicher genug.}) 21. g3 Ke7 22. Bc4
Be3 {as one might say in hockey, "cleverly sending the puck into the
opponent's zone". Wie man es beim Hockey sagen würde, "der geschickte Einwurf
in die Zone des Gegners".} ({After Nach} 22... Rg4 23. Nd4 a4 24. Rf3 {White
keeps everything under control and Black is short of ideas. hält Weiß alles
unter Kontrolle und dem Nachzienden mangelt an aktiven Ideen.}) 23. Rf3 ({
It was also worth considering Beachtung verdiente auch} 23. Nf4 {, which would
lead to more concrete play. , was zu einem konkreteren Spiel führen würde.})
23... Rg4 24. Qf1 Rf8 25. Nf4 Bxf4 ({The attempt to retain the bishop by means
of Der Versuch, mittels} 25... Bd4 {would on account of den Läufer zu
behalten, wäre wegen} 26. Rfd3 Be5 27. Nxh5 {have been too risky. zu riskant
gewesen.}) 26. Rxf4 a4 ({After the game Caruana thought it would have been
better to play Nach der Partie meinte Caruana, dass es besser wäre, mit} 26...
Bc6 {to maintain the tension. die Spannung aufechtzuerhalten.} {After Auf} 27.
Qd3 {Black plays spielt Schwarz} Rf7 {, and White cannot become active quickly.
I agree with him. , und dem Anziehenden gelingt nicht, schnell aktiv zu werden.
Ich bin mit ihm einverstanden.}) 27. bxa4 Bxa4 28. Qd3 {Now the idea of the
pawn sacrifice e4-e5 is in the air. Nun hängt die Idee des Bauernopfers e4-e5
in der Luft.} ({But Frühzeitig wäre} 28. Bb3 {would be premature - after -
nach} Bxb3 29. axb3 Rgg8 {Black has the initiative. besitzt Schwarz die
Initiative.}) 28... Bc6 29. Bb3 Rg5 30. e5 $1 {Even if I did not see how Black
could seriously defend his position I preferred to bring some clarity to the
situation. Auch wenn ich nicht sah, wie Schwarz seine Stellung ernsthaft
verstärken könnte, wollte ich die Lage lieber klären.} Rxe5 31. Rc4 ({
It was also worth considering Beachtenswert war auch} 31. Qh7+ Rf7 32. Qh8 {
with dynamic equality. mit dynamischem Gleichgewicht.}) 31... Rd5 32. Qe2 Qb6
33. Rh4 Re5 ({There was the interesting Interessant war} 33... Rxd1+ 34. Qxd1
Qe3 {(Nepomniachtchi), which, after (Nepomniachtchi), was nach} 35. Rxb4 Be4
36. a3 {, would lead to a complicated position. zu einer komplizierten
Stellung führen würde.}) 34. Qd3 Bg2 ({After Nach} 34... d5 35. Qh7+ Rf7 36.
Qh8 {Black has problems with the coordination of his pieces. hat Schwarz
Probleme mit Figurenkoordination.}) 35. Rd4 $1 {A useful centralisation.
Nützliche Zentralisierung.} d5 36. Qd2 Re4 $2 ({I was expecting the variation
with Ich erwartete die Variante} 36... Be4 37. Rxb4 Qc6 38. Kb2 {with
approximate equality. mit ungefährem Gleichgewicht.}) 37. Rxd5 $1 {I spotted
this decisive nove relatively quickly. But there was too much depending on the
game to play it quickly without first checking the variations. Dieser
entscheidende Zug ist mir relativ schnell eingefallen. Aber auf dem Spiel
stand zu viel, um ihn zu machen, ohne zuerst die Varianten zu überprüfen.}
exd5 38. Qxd5 {The black pieces are unharmoniously distributed and cannot
protect their king. Die schwarzen Figuren stehen unharmonisch und können
ihren König nicht beschützen.} Qc7 ({More resistance could have been offered
with Mehr Widerstand bot} 38... Rd4 39. Qxd4 Qxd4 40. Rxd4 Rb8 {, but it is
hard to believe that it would save him in the end. , aber es ist schwer zu
glauben, dass es am Ende die Rettung bringen würde.}) 39. Qf5 $1 Rf7 {Fabiano
offered me a draw here. Let us put that down to the nervous tension and the
high stakes...  Hier hat mir Fabiano Remis angeboten. Schreiben wir es der
Nervenanspannung und dem hohen Wetteinsatz zu...} 40. Bxf7 Qe5 41. Rd7+ Kf8 42.
Rd8+ 1-0